Educación matemática 2º básico: texto para el estudiante
-д хадгалсан:
| Үндсэн зохиолч: | |
|---|---|
| Формат: | Ном |
| Хэл сонгох: | испани |
| Хэвлэсэн: |
Santiago
Mare Nostrum
2005
|
| Хэвлэл: | 2a. ed |
| Нөхцлүүд: | |
| Шошгууд: |
Шошго нэмэх
Шошго байхгүй, Энэхүү баримтыг шошголох эхний хүн болох!
|
MARC
| LEADER | 00000nam a2200000 a 4500 | ||
|---|---|---|---|
| 001 | UCK9617 | ||
| 003 | CL-VaPUC | ||
| 008 | 060519e20050000CL |||||||||||||||||spa|d | ||
| 020 | |a 9562941272 | ||
| 082 | 0 | 4 | |a 372.7 |b CAS |2 21 |
| 100 | 0 | |a Casis Raposo, Marcelo |e author |9 499376 | |
| 245 | 1 | 0 | |a Educación matemática 2º básico: texto para el estudiante |
| 250 | |a 2a. ed | ||
| 300 | |a 159 p | ||
| 942 | |c BK | ||
| 945 | |d 20060519 00:00:00 |a cmena | ||
| 260 | |a Santiago |b Mare Nostrum |c 2005 | ||
| 650 | 0 | |a Educación básica |9 224933 | |
| 650 | 0 | |a Matemáticas |x Enseñanza |9 875527 | |
| 650 | 0 | |a Libros de texto |9 270019 | |
| 650 | 0 | |a Métodos de enseñanza |9 270413 | |
| 583 | |a last modification |c 20170816 12:49:38 |k Rodrigo Vera | ||
| 999 | |c 316702 |d 316700 | ||
| 952 | |0 0 |1 0 |4 0 |6 372_700000000000000_CAS_2005 |7 0 |8 P |9 391371 |a BIBEDU |b BIBEDU |d 2019-11-22 |i 4231155 |o 372.7 CAS 2005 |p 4231155 |r 2019-11-22 |w 2019-11-22 |y BK |k BME | ||
| 952 | |0 0 |1 0 |4 0 |6 372_700000000000000_CAS_2005 |7 0 |8 P |9 391372 |a BIBEDU |b BIBEDU |d 2019-11-22 |i 4251164 |o 372.7 CAS 2005 |p 4251164 |r 2019-11-22 |w 2019-11-22 |y BK |k EBA | ||
| 952 | |0 0 |1 0 |4 0 |6 372_700000000000000_CAS_2005 |7 0 |8 P |9 391373 |a BIBEDU |b BIBEDU |d 2019-11-22 |i 4251172 |o 372.7 CAS 2005 |p 4251172 |r 2019-11-22 |w 2019-11-22 |y BK |k EBA | ||
| 952 | |0 0 |1 0 |4 0 |6 372_700000000000000_CAS_2005 |7 0 |8 P |9 391374 |a BIBEDU |b BIBEDU |d 2019-11-22 |i 4251202 |o 372.7 CAS 2005 |p 4251202 |r 2019-11-22 |w 2019-11-22 |y BK |k EBA | ||
| 952 | |0 0 |1 0 |4 0 |6 372_700000000000000_CAS_2005 |7 0 |8 P |9 391375 |a BIBEDU |b BIBEDU |c BIBEDU_PB |d 2019-11-22 |i 4251210 |o 372.7 CAS 2005 |p 4251210 |r 2024-01-25 |w 2019-11-22 |y BK |k EBA | ||